00312nam a2200109 a 4500008004100000050001300041245004400054246002900098260004300127300002300170350000900193120416s1994 ||||||||||||||||| || u aCOMM(02)10aChanging role of the state in education apolitics and partnership aPakistanbCommonwealth Institutec1994 ain various pagings a0.00